000 00625nam a2200229Ia 4500
003 OSt
005 20220928113742.0
006 a|||||r|||| 00| 0
007 ta
008 220927b |||||||| |||| 00| 0 eng d
024 _a56308
037 _cTextual
040 _aSDCL
_cSDCL
_beng
041 _2eng
_aeng
082 _aY73(P1).2'D, N3
100 _aElst Koenraad
_9434922
245 0 _aIndigenous Indians
_b Ageastya to Ambedkar.
260 _aNew Delhi
_bVoice Of India
_c1993
300 _avii,483p
_ccm.
942 _hY73(P1).2'D, N3
_cTEXL
_2CC
999 _c751191
_d751191